[Event "POL-chT 2nd League"]
[Site "Jastrzebia Gora"]
[Date "2022.09.05"]
[Round "3.43"]
[White "Bronowicki, Mateusz"]
[Black "Brylowski, Marian"]
[Result "0-1"]
[WhiteElo "2189"]
[BlackElo "2065"]
[PlyCount "101"]
[EventDate "2022.09.03"]
[EventType "team-swiss"]
[EventRounds "9"]
[EventCountry "POL"]
[SourceTitle "CBM 210 Extra"]
[Source "ChessBase"]
[SourceDate "2022.11.30"]
[SourceVersion "1"]
[SourceVersionDate "2022.11.30"]
[SourceQuality "1"]
[WhiteTeam "Wisznia Mala Bialy Krol"]
[BlackTeam "Lipusz WDA"]
[WhiteTeamCountry "POL"]
[BlackTeamCountry "POL"]

1. d4 d5 2. c4 e6 3. Nc3 c5 4. cxd5 exd5 5. Nf3 Nc6 6. g3 c4 7. Bg2 Bb4 8. 0-0 Nge7 9. Bd2 0-0 10. a3 Ba5 11. b3 Bxc3 12. Bxc3 b5 13. Ne5 Be6 14. bxc4 bxc4 15. Qa4 Rc8 16. Nxc6 Nxc6 17. Rab1 Qd7 18. Qa6 Rb8 19. a4 Bf5 20. Rb5 Rxb5 21. axb5 Nb8 22. Qa5 Re8 23. e3 Re6 24. b6 Rxb6 25. Qxd5 Bd3 26. Rc1 Qxd5 27. Bxd5 Kf8 28. Ba5 Rb5 29. Bxc4 Bxc4 30. Rxc4 Rxa5 31. Rc8+ Ke7 32. Rxb8 Ra2 33. g4 a5 34. Rb7+ Kf6 35. h4 h6 36. Kg2 a4 37. Rb6+ Ke7 38. h5 Kd7 39. Ra6 Kc7 40. Ra7+ Kb6 41. Rxf7 a3 42. Rf8 Kb7 43. Rf5 Kb6 44. Rf8 Kb7 45. Rf5 Kb6 46. Rc5 Rc2 47. Re5 Rd2 48. Rc5 a2 49. Rc1 Kb5 50. Kg3 Rb2 51. f4 0-1

[Event "POL-chT 1st League"]
[Site "Szklarska Poreba"]
[Date "2021.09.09"]
[Round "6.3"]
[White "Kucharska, Honorata"]
[Black "Bronowicki, Mateusz"]
[Result "1/2-1/2"]
[WhiteElo "2172"]
[BlackElo "2197"]
[PlyCount "27"]
[EventDate "2021.09.04"]
[EventType "team-swiss"]
[EventRounds "9"]
[EventCountry "POL"]
[SourceTitle "CBM 204 Extra"]
[Source "ChessBase"]
[SourceDate "2021.11.30"]
[SourceVersion "1"]
[SourceVersionDate "2021.11.30"]
[SourceQuality "1"]
[WhiteTeam "Rybnik"]
[BlackTeam "Wisznia Mala Bialy Krol"]
[WhiteTeamCountry "POL"]
[BlackTeamCountry "POL"]

1. e4 e6 2. d4 d5 3. Nd2 c5 4. exd5 Qxd5 5. Ngf3 cxd4 6. Bc4 Qd6 7. 0-0 Nf6 8. Nb3 Nc6 9. Nbxd4 Nxd4 10. Nxd4 a6 11. c3 Qc7 12. Qe2 Bd6 13. h3 0-0 14. Bb3 1/2-1/2

[Event "POL-chT 1st League"]
[Site "Ustron"]
[Date "2020.09.12"]
[Round "8.5"]
[White "Budrewicz, Krzysztof"]
[Black "Bronowicki, Mateusz"]
[Result "1-0"]
[WhiteElo "2227"]
[BlackElo "2243"]
[PlyCount "28"]
[EventDate "2020.09.05"]
[EventType "team-tourn"]
[EventRounds "9"]
[EventCountry "POL"]
[SourceTitle "CBM 198 Extra"]
[Source "ChessBase"]
[SourceDate "2020.11.30"]
[SourceVersion "1"]
[SourceVersionDate "2020.11.30"]
[SourceQuality "1"]
[WhiteTeam "Gostynin Gostmat 83"]
[BlackTeam "Wisznia Mala Bialy Krol"]
[WhiteTeamCountry "POL"]
[BlackTeamCountry "POL"]

1. d4 c5 2. d5 e5 3. e4 d6 4. Nc3 a6 5. a4 Be7 6. Be2 Bg5 7. Nf3 Bxc1 8. Qxc1 Bg4 9. Nd2 Bxe2 10. Nxe2 Nh6 11. 0-0 0-0 12. Nc4 f5 13. f4 fxe4 14. fxe5 Rxf1+ 1-0

[Event "Rubinstein Memorial 56th"]
[Site "Polanica Zdroj"]
[Date "2020.08.22"]
[Round "8"]
[White "Kucza, Karol"]
[Black "Bronowicki, Mateusz"]
[Result "1-0"]
[WhiteElo "2277"]
[BlackElo "2275"]
[PlyCount "101"]
[EventDate "2020.08.15"]
[EventType "swiss"]
[EventRounds "9"]
[EventCountry "POL"]
[SourceTitle "CBM 197 Extra"]
[Source "ChessBase"]
[SourceDate "2020.09.30"]
[SourceVersion "1"]
[SourceVersionDate "2020.09.30"]
[SourceQuality "1"]

1. e4 e6 2. d4 d5 3. Nc3 Nf6 4. e5 Nfd7 5. f4 c5 6. Nf3 Qb6 7. Be3 a6 8. Na4 Qa5+ 9. c3 cxd4 10. b4 Qc7 11. Qxd4 Nc6 12. Qd2 Be7 13. Be2 b5 14. Nb2 a5 15. 0-0 axb4 16. Bxb5 bxc3 17. Qxc3 Ra3 18. Qxc6 Qxc6 19. Bxc6 Rxe3 20. Rfc1 0-0 21. Bxd7 Bxd7 22. Rc7 Rd8 23. Rb1 Ra3 24. Nd1 Rxa2 25. h4 Ra7 26. Rbc1 Ba3 27. Rxa7 Bxc1 28. g3 h6 29. Kf2 Be8 30. Nd4 Rb8 31. f5 exf5 32. Nxf5 Bb2 33. Nxb2 Rxb2+ 34. Ke3 Rb3+ 35. Kd4 g6 36. Nd6 Bc6 37. Nxf7 Rxg3 38. Nxh6+ Kf8 39. e6 Rh3 40. Rf7+ Ke8 41. Ng8 Kd8 42. Nf6 Rxh4+ 43. Kc5 Ba4 44. Ra7 Kc8 45. Nxd5 Kb8 46. Rg7 Bb3 47. Kb6 Rh8 48. Nb4 Ba4 49. Na6+ Kc8 50. Rc7+ Kd8 51. e7+ 1-0

[Event "POL-chT Ekstraliga"]
[Site "Katowice"]
[Date "2019.08.30"]
[Round "3.4"]
[White "Bronowicki, Mateusz"]
[Black "Wieczorek, Oskar"]
[Result "0-1"]
[WhiteElo "2271"]
[BlackElo "2497"]
[PlyCount "62"]
[EventDate "2019.08.28"]
[EventType "team-tourn"]
[EventRounds "9"]
[EventCountry "POL"]
[SourceTitle "EXT 2020"]
[Source "ChessBase"]
[SourceDate "2019.10.17"]
[SourceVersion "1"]
[SourceVersionDate "2019.10.17"]
[SourceQuality "1"]
[WhiteTeam "Wisznia Mala"]
[BlackTeam "Wroclaw Polonia"]
[WhiteTeamCountry "POL"]
[BlackTeamCountry "POL"]

1. d4 Nf6 2. c4 g6 3. g3 Bg7 4. Bg2 0-0 5. Nc3 d6 6. e4 c5 7. d5 e6 8. Nge2 Na6 9. 0-0 exd5 10. exd5 Nc7 11. a3 b5 12. b4 cxb4 13. axb4 bxc4 14. Be3 a6 15. b5 axb5 16. Rxa8 Nxa8 17. Nxb5 Bf5 18. Ned4 Bd3 19. Nc6 Qd7 20. Re1 Nc7 21. Nxc7 Qxc7 22. Bd4 Qb7 23. h3 Re8 24. Rxe8+ Nxe8 25. Bxg7 Kxg7 26. g4 Qb2 27. Bf1 Bxf1 28. Kxf1 Nf6 29. Nd4 Nxd5 30. Nf5+ gxf5 31. Qxd5 Qb1+ 0-1

[Event "Olomouc Summmer op 21st"]
[Site "Olomouc"]
[Date "2018.08.15"]
[Round "6"]
[White "Schmid, Thomas2"]
[Black "Bronowicki, Mateusz"]
[Result "1/2-1/2"]
[WhiteElo "2109"]
[BlackElo "2280"]
[PlyCount "42"]
[EventDate "2018.08.11"]
[EventType "swiss"]
[EventRounds "9"]
[EventCountry "CZE"]
[SourceTitle "CBM 186 Extra"]
[Source "ChessBase"]
[SourceDate "2018.08.24"]
[SourceVersion "1"]
[SourceVersionDate "2018.08.24"]
[SourceQuality "1"]

1. e4 e6 2. d4 d5 3. Nd2 Nf6 4. e5 Nfd7 5. Bd3 c5 6. c3 Nc6 7. Ne2 cxd4 8. cxd4 f6 9. exf6 Qxf6 10. Nf3 h6 11. 0-0 Bd6 12. Ng3 0-0 13. Bc2 Rf7 14. Nh5 Qe7 15. Re1 Nf8 16. Ne5 Nxe5 17. dxe5 Bc5 18. Be3 Bd7 19. Qg4 Rc8 20. Bd3 Kh8 21. Nf4 Kg8 1/2-1/2

[Event "Warsaw Najdorf Memorial op-A 16th"]
[Site "Warsaw"]
[Date "2018.07.14"]
[Round "7"]
[White "Klekowski, Maciej"]
[Black "Bronowicki, Mateusz"]
[Result "1-0"]
[WhiteElo "2511"]
[BlackElo "2288"]
[PlyCount "77"]
[EventDate "2018.07.08"]
[EventType "swiss"]
[EventRounds "9"]
[EventCountry "POL"]
[SourceTitle "CBM 185 Extra"]
[Source "ChessBase"]
[SourceDate "2018.07.29"]
[SourceVersion "1"]
[SourceVersionDate "2018.07.29"]
[SourceQuality "1"]

1. c4 e5 2. Nc3 Nc6 3. Nf3 Bb4 4. Nd5 a5 5. Nxb4 axb4 6. d4 d5 7. e3 exd4 8. Nxd4 Nf6 9. Bd2 Ne4 10. Nxc6 Qf6 11. f3 Bg4 12. Nd4 c5 13. Qe2 cxd4 14. fxg4 0-0 15. Qf3 dxe3 16. Bc1 Qe5 17. Be2 d4 18. 0-0 Nc5 19. Rd1 Rfd8 20. Bd3 Rd6 21. Qf5 Qxf5 22. gxf5 g6 23. Kf1 b6 24. Ke2 Nb3 25. Rb1 Rxa2 26. Be4 gxf5 27. Bxf5 Rf6 28. g4 h5 29. h3 hxg4 30. hxg4 Rh6 31. Kf3 Rh2 32. Rd3 e2 33. Bf4 Rxb2 34. Bxh2 Rxb1 35. Bg3 Nc1 36. Re3 dxe3 37. Bxb1 b3 38. Kxe3 Na2 39. Be1 1-0

[Event "POL-ch rapid"]
[Site "Zgierz"]
[Date "2018.03.04"]
[Round "6"]
[White "Bronowicki, Mateusz"]
[Black "Rak, Tomasz"]
[Result "0-1"]
[WhiteElo "2288"]
[BlackElo "2010"]
[PlyCount "102"]
[EventDate "2018.03.04"]
[EventType "swiss (rapid)"]
[EventRounds "9"]
[EventCountry "POL"]
[SourceTitle "CBM 183 Extra"]
[Source "ChessBase"]
[SourceDate "2018.04.19"]
[SourceVersion "1"]
[SourceVersionDate "2018.04.19"]
[SourceQuality "1"]

1. d4 Nf6 2. c4 g6 3. Nc3 Bg7 4. e4 d6 5. f3 0-0 6. Be3 Nfd7 7. Bd3 e5 8. d5 f5 9. Nge2 f4 10. Bf2 a5 11. a3 Nc5 12. Bc2 Bd7 13. b4 axb4 14. axb4 Rxa1 15. Qxa1 Nca6 16. Qa3 Rf7 17. 0-0 Bf8 18. Ba4 g5 19. Bxd7 Nxd7 20. Ra1 h5 21. b5 Nac5 22. Qa8 Qf6 23. Na4 Nd3 24. Qxb7 Nxf2 25. Kxf2 g4 26. Kg1 Qh4 27. Qa7 gxf3 28. gxf3 Rg7+ 29. Kh1 Nb6 30. Rg1 Nxc4 31. Rxg7+ Bxg7 32. Ng1 Ne3 33. Qxc7 Qf2 34. Qc8+ Kh7 35. Qh3 Qa2 36. Nb6 Qb2 37. Nc8 Bf8 38. b6 Kg6 39. Qe6+ Kg7 40. Qh3 Kg6 41. Qe6+ Kg7 42. Qh3 Kg6 43. Qe6+ Kg7 44. Qh3 Kg6 45. b7 Qxb7 46. Nxd6 Bxd6 47. Qe6+ Kg7 48. Qxd6 Qb2 49. Qd7+ Kg6 50. Qe6+ Kg7 51. Qh3 Qd2 0-1

[Event "POL-chT 1st League"]
[Site "Poronin"]
[Date "2017.09.09"]
[Round "8.2"]
[White "Bronowicki, Mateusz"]
[Black "Krainski, Aleksander"]
[Result "1/2-1/2"]
[WhiteElo "2277"]
[BlackElo "2192"]
[PlyCount "60"]
[EventDate "2017.09.02"]
[EventType "team-tourn"]
[EventRounds "9"]
[EventCountry "POL"]
[SourceTitle "CBM 180 Extra"]
[Source "ChessBase"]
[SourceDate "2017.10.06"]
[SourceVersion "1"]
[SourceVersionDate "2017.10.06"]
[SourceQuality "1"]
[WhiteTeam "Wisznia Mala Bialy Krol"]
[BlackTeam "Grudziadz Rotmistrz"]
[WhiteTeamCountry "POL"]
[BlackTeamCountry "POL"]

1. e3 e5 2. d4 exd4 3. exd4 Nf6 4. Bd3 Be7 5. Ne2 0-0 6. Nbc3 d5 7. Bf4 a6 8. Qd2 Nc6 9. a3 Be6 10. f3 b5 11. 0-0 Na5 12. b3 Nb7 13. Nd1 c5 14. dxc5 Nxc5 15. Nd4 Nxd3 16. Qxd3 Nd7 17. Ne3 Qb6 18. Kh1 Rad8 19. Rfe1 Bf6 20. Rad1 Nc5 21. Qd2 Bc8 22. Bg3 g6 23. Bf2 Qc7 24. Bg3 Qb6 25. Bf2 Qc7 26. Bg3 Qb6 27. Bf2 Qc7 28. Bg3 Qb6 29. Bf2 Qc7 30. Bg3 Qb6 1/2-1/2

[Event "CZE-chT rap"]
[Site "Pardubice"]
[Date "2017.07.16"]
[Round "6.4"]
[White "Bronowicki, Mateusz"]
[Black "Pulpan, Matej"]
[Result "1-0"]
[WhiteElo "2272"]
[BlackElo "2091"]
[PlyCount "71"]
[EventDate "2017.07.13"]
[EventType "team-swiss"]
[EventRounds "7"]
[EventCountry "CZE"]
[SourceTitle "EXT 2018"]
[Source "ChessBase"]
[SourceDate "2017.10.13"]
[SourceVersion "1"]
[SourceVersionDate "2017.10.13"]
[SourceQuality "1"]
[WhiteTeam "Wisznia Mala"]
[BlackTeam "Kraglove"]
[WhiteTeamCountry "POL"]
[BlackTeamCountry "CZE"]

1. c4 Nf6 2. g3 g6 3. Bg2 Bg7 4. Nc3 0-0 5. e4 d6 6. Nge2 Nc6 7. 0-0 e5 8. d3 Ng4 9. f3 Nh6 10. Be3 f5 11. Qd2 Nf7 12. Nd5 Ne7 13. f4 c6 14. Ndc3 Be6 15. b3 d5 16. exd5 cxd5 17. fxe5 dxc4 18. dxc4 Nc6 19. Nf4 Qe7 20. Qf2 Bxe5 21. Bc5 Qf6 22. Ncd5 Bxd5 23. Nxd5 Qg5 24. Rad1 Rfe8 25. Be3 Qh5 26. Bf4 Bg7 27. Bf3 Qh3 28. Bg2 Qh5 29. Bf3 Qh3 30. Nc7 g5 31. Bc1 Nfe5 32. Nxa8 Rxa8 33. Bg2 Qh5 34. Qxf5 h6 35. Bd5+ Kh8 36. Be4 1-0

[Event "CZE-chT rap"]
[Site "Pardubice"]
[Date "2017.07.15"]
[Round "4.3"]
[White "Vodicka, Pavel"]
[Black "Bronowicki, Mateusz"]
[Result "0-1"]
[WhiteElo "2005"]
[BlackElo "2272"]
[PlyCount "82"]
[EventDate "2017.07.13"]
[EventType "team-swiss"]
[EventRounds "7"]
[EventCountry "CZE"]
[SourceTitle "EXT 2018"]
[Source "ChessBase"]
[SourceDate "2017.10.13"]
[SourceVersion "1"]
[SourceVersionDate "2017.10.13"]
[SourceQuality "1"]
[WhiteTeam "First Class"]
[BlackTeam "Wisznia Mala"]
[WhiteTeamCountry "CZE"]
[BlackTeamCountry "POL"]

1. d4 e6 2. Nf3 f5 3. c4 Nf6 4. g3 d5 5. Bg2 c6 6. 0-0 a5 7. b3 Na6 8. Nc3 b6 9. Ne5 Bb7 10. f3 c5 11. Be3 Be7 12. Na4 0-0 13. Rc1 Rc8 14. Qd2 Qc7 15. Qb2 Rfd8 16. Rfd1 Bc6 17. Bf4 Bd6 18. cxd5 Bxa4 19. bxa4 Nxd5 20. e4 Nxf4 21. gxf4 Nb4 22. Qb3 Bxe5 23. Qxe6+ Qf7 24. Qxf7+ Kxf7 25. fxe5 cxd4 26. Rxc8 Rxc8 27. Bh3 Rd8 28. Bxf5 Nxa2 29. e6+ Ke7 30. e5 Nc3 31. Rd2 g6 32. Bc2 Kxe6 33. f4 Rf8 34. Bb3+ Ke7 35. Rf2 Rxf4 36. Rxf4 Ne2+ 37. Kf2 Nxf4 38. Kf3 Ne6 39. Bc4 Nc5 40. Bg8 h6 41. Bh7 Kf7 0-1

[Event "POL-chT"]
[Site "Poland"]
[Date "2016.09.23"]
[Round "4.3"]
[White "Kanarek, Marcel"]
[Black "Bronowicki, Mateusz"]
[Result "1/2-1/2"]
[WhiteElo "2535"]
[BlackElo "2258"]
[PlyCount "63"]
[EventDate "2016.06.24"]
[EventType "team-tourn"]
[EventRounds "9"]
[EventCountry "POL"]
[SourceTitle "EXT 2017"]
[Source "ChessBase"]
[SourceDate "2016.10.25"]
[SourceVersion "1"]
[SourceVersionDate "2016.10.25"]
[SourceQuality "1"]
[WhiteTeam "Gorzow Wielkopolski Stilon"]
[BlackTeam "Wisznia Mala"]
[WhiteTeamCountry "POL"]
[BlackTeamCountry "POL"]

1. e4 e6 2. d4 d5 3. Nc3 Nc6 4. Nf3 Nf6 5. Bd3 Bb4 6. 0-0 Bxc3 7. exd5 exd5 8. bxc3 0-0 9. h3 Re8 10. Bg5 Qd6 11. c4 dxc4 12. Bxc4 Bf5 13. Bxf6 Qxf6 14. c3 Na5 15. Bd3 b6 16. Qc2 Bxd3 17. Qxd3 Qg6 18. Qxg6 hxg6 19. Rfe1 Nc4 20. Kf1 f6 21. Rxe8+ Rxe8 22. Re1 Rxe1+ 23. Kxe1 Kf7 24. Ke2 Ke6 25. Kd3 b5 26. h4 a5 27. Ng1 Kf5 28. f3 Nb2+ 29. Kc2 Nc4 30. Kd3 Nb2+ 31. Kc2 Nc4 32. Kd3 1/2-1/2

[Event "POL-chT 1st League"]
[Site "Jastrzebia Gora"]
[Date "2015.09.13"]
[Round "9.22"]
[White "Paszewski, Mateusz"]
[Black "Bronowicki, Mateusz"]
[Result "1/2-1/2"]
[WhiteElo "2293"]
[BlackElo "2277"]
[PlyCount "81"]
[EventDate "2015.09.05"]
[EventType "team-tourn"]
[EventRounds "9"]
[EventCountry "POL"]
[SourceTitle "EXT 2016"]
[Source "ChessBase"]
[SourceDate "2015.10.08"]
[SourceVersion "1"]
[SourceVersionDate "2015.10.08"]
[SourceQuality "1"]
[WhiteTeam "Czestochowa Hetman"]
[BlackTeam "Wisznia Mala"]
[WhiteTeamCountry "POL"]
[BlackTeamCountry "POL"]

1. c4 c5 2. g3 Nc6 3. Bg2 g6 4. Nc3 Bg7 5. a3 Nf6 6. Rb1 a5 7. d3 0-0 8. Nf3 d6 9. 0-0 Bd7 10. Ne1 Ne8 11. Bd2 Nc7 12. Nc2 Rb8 13. b4 axb4 14. axb4 cxb4 15. Nxb4 Nxb4 16. Rxb4 b5 17. cxb5 Nxb5 18. Nxb5 Rxb5 19. Rxb5 Bxb5 20. Qb3 Qd7 21. Rc1 Ba4 22. Qb4 Qb5 23. Qxb5 Bxb5 24. h4 e6 25. Bc3 Rc8 26. Bd2 Rxc1+ 27. Bxc1 h5 28. Ba3 d5 29. Bf3 Be5 30. Bc5 Kg7 31. d4 Bf6 32. e3 Bd3 33. Bd6 Bc4 34. Bd1 Bd3 35. Bf3 Ba6 36. Bd1 Bb5 37. Kg2 Bd3 38. Kg1 Bb1 39. Bf3 Bf5 40. Bd1 Bb1 41. Bf3 1/2-1/2

[Event "POL-chT 1st League"]
[Site "Jastrzebia Gora"]
[Date "2015.09.12"]
[Round "8.11"]
[White "Milanowski, Jan"]
[Black "Bronowicki, Mateusz"]
[Result "0-1"]
[WhiteElo "1882"]
[BlackElo "2277"]
[PlyCount "84"]
[EventDate "2015.09.05"]
[EventType "team-tourn"]
[EventRounds "9"]
[EventCountry "POL"]
[SourceTitle "EXT 2016"]
[Source "ChessBase"]
[SourceDate "2015.10.08"]
[SourceVersion "1"]
[SourceVersionDate "2015.10.08"]
[SourceQuality "1"]
[WhiteTeam "Pawlowice Gminy"]
[BlackTeam "Wisznia Mala"]
[WhiteTeamCountry "POL"]
[BlackTeamCountry "POL"]

1. d4 g6 2. Nf3 Bg7 3. c3 d6 4. Bf4 Nf6 5. e3 0-0 6. Be2 c5 7. dxc5 dxc5 8. Qxd8 Rxd8 9. 0-0 Nc6 10. Rd1 Rxd1+ 11. Bxd1 Nd5 12. Bg3 b5 13. a3 b4 14. axb4 cxb4 15. Nd4 Nxd4 16. cxd4 Bb7 17. Nd2 Nb6 18. Bb3 a6 19. Nc4 Nxc4 20. Bxc4 e6 21. Bd6 Bf8 22. Bxf8 Kxf8 23. Kf1 a5 24. Bb3 Ke7 25. f3 Kd6 26. Ke2 Ba6+ 27. Kd2 Bb5 28. Ba4 Bxa4 29. Rxa4 Kc6 30. Ra1 Kb5 31. Rc1 Ka4 32. Rc7 Kb3 33. Kc1 Ka2 34. Rc4 Kb3 35. Rc7 Ka2 36. Rc4 f5 37. g3 Ra7 38. h3 g5 39. Kc2 b3+ 40. Kc1 a4 41. Rb4 a3 42. bxa3 Rc7+ 0-1

[Event "POL-chT 2nd League"]
[Site "Szczyrk"]
[Date "2014.09.07"]
[Round "2.16"]
[White "Bronowicki, Mateusz"]
[Black "Mazalon, Mariusz"]
[Result "1-0"]
[WhiteElo "2325"]
[BlackElo "2037"]
[PlyCount "79"]
[EventDate "2014.09.06"]
[EventType "team-swiss"]
[EventRounds "9"]
[EventCountry "POL"]
[SourceTitle "EXT 2015"]
[Source "ChessBase"]
[SourceDate "2014.11.20"]
[SourceVersion "1"]
[SourceVersionDate "2014.11.20"]
[SourceQuality "1"]
[WhiteTeam "Wisznia Mala OKSiR"]
[BlackTeam "Bydgoszcz Chemik"]
[WhiteTeamCountry "POL"]
[BlackTeamCountry "POL"]

1. d4 Nf6 2. c4 g6 3. Nc3 Bg7 4. e4 0-0 5. Nf3 c6 6. e5 Ne8 7. Bf4 d6 8. Qd2 Bg4 9. Be2 dxe5 10. Bxe5 Nd7 11. Bxg7 Nxg7 12. h3 Bxf3 13. Bxf3 e5 14. d5 c5 15. g4 f5 16. 0-0-0 fxg4 17. Bxg4 Rf4 18. Qe2 Nf5 19. Bxf5 Rxf5 20. Ne4 Qh4 21. Kb1 Raf8 22. Rdg1 Rf4 23. Ng5 Rxf2 24. Qg4 Qxg4 25. hxg4 Nf6 26. Ne6 Rc8 27. Rf1 Rxf1+ 28. Rxf1 Nd7 29. g5 b6 30. Kc2 Nf8 31. Kd3 Nxe6 32. dxe6 Re8 33. Rf6 Re7 34. Ke4 Kg7 35. Kxe5 h6 36. gxh6+ Kxh6 37. Kd6 Re8 38. e7 Kg7 39. Rf1 g5 40. Kd7 1-0